| 000 | 00342nam a22001457a 4500 | ||
|---|---|---|---|
| 003 | OSt | ||
| 005 | 20160727222418.0 | ||
| 008 | 160625b xxu||||| |||| 00| 0 eng d | ||
| 040 | _cTEST | ||
| 100 |
_91185 _aSmythe, P |
||
| 245 | _aFamily Crochet | ||
| 260 |
_aLONDON _bMARSHELL CAVEDISH BOOKS _c1984 |
||
| 300 | _aFamily Crochet | ||
| 942 |
_2ddc _cBK |
||
| 999 |
_c966 _d966 |
||